William H. Crawford, 1772-1834 /

Bibliographic Details
Main Author: Mooney, Chase Curran, 1913-
Format: Book
Language:English
Published: [Lexington] : University Press of Kentucky, [1974]
Subjects:

MARC

Tag First Indicator Second Indicator Subfields
LEADER 00000cam a2200000 4500
001 in00000246776
005 20151010051145.0
008 740612s1974 kyuc b 00110beng d
010 |a  70147853  
020 |a 0813112702  |c $15.00 
035 |a (OCoLC)00981214 
035 |9 ABB4502AM 
040 |a DLC  |c DLC  |d TXA  |d UtOrBLW 
049 |a TXAM  |c [1339454] 
050 0 0 |a E340.C89  |b M66 
082 0 |a 973.5/092/4  |a B 
100 1 |a Mooney, Chase Curran,  |d 1913- 
245 1 0 |a William H. Crawford, 1772-1834 /  |c [by] Chase C. Mooney. 
264 1 |a [Lexington] :  |b University Press of Kentucky,  |c [1974] 
300 |a xi, 364 pages :  |b portrait ;  |c 24 cm. 
336 |a text  |b txt  |2 rdacontent 
337 |a unmediated  |b n  |2 rdamedia 
338 |a volume  |b nc  |2 rdacarrier 
504 |a Bibliography: pages [347]-353. 
600 1 0 |a Crawford, William Harris,  |d 1772-1834. 
999 |a MARS 
999 f f |s 46dbab9e-a053-31e5-973d-68f737dcf4a9  |i eda1f1b4-1b2d-3d2d-a0dd-47a32d411c9a  |t 0 
952 f f |p ric  |a Texas A&M University  |b Rellis Campus  |c Joint Library Facility  |d Remote Storage  |t 0  |e E340.C89 M66  |h Library of Congress classification  |i unmediated -- volume  |m A14802214288 
998 f f |a E340.C89 M66  |t 0  |l Remote Storage